| 000 | 00479nam a2200193Ia 4500 | ||
|---|---|---|---|
| 003 | OSt | ||
| 005 | 20230627112059.0 | ||
| 008 | 210324s9999||||xx |||||||||||||| ||und|| | ||
| 040 | _cSTCPL | ||
| 041 | _aENG | ||
| 082 |
_a540 _bGEO-C |
||
| 100 | _aPorter, George | ||
| 245 | 0 |
_aChemistry for the modern world / _cby George Porter |
|
| 260 |
_aLondon : _bThe English Language Book Society, _c1963. |
||
| 300 |
_a116 p. _bHB |
||
| 650 | _aChemistry | ||
| 942 | _cBK | ||
| 942 | _2ddc | ||
| 999 |
_c9757 _d9757 |
||